NBA Players Who: Shot 60% from the Field - Statistics

General Stats
  • This quiz has been taken 35 times
    26 since last reset
  • The average score is 43 of 88
Answer Stats
Year FG% Player % Correct
2018 64.5% DeAndre Jordan
100%
2017 71.4% DeAndre Jordan
100%
2016 70.3% DeAndre Jordan
100%
2015 71.0% DeAndre Jordan
100%
2014 67.6% DeAndre Jordan
100%
2013 64.3% DeAndre Jordan
100%
2017 63.3% Dwight Howard
91%
2016 62.0% Dwight Howard
91%
2010 61.2% Dwight Howard
91%
2007 60.3% Dwight Howard
91%
2009 60.9% Shaquille O'Neal
87%
2006 60.0% Shaquille O'Neal
87%
2005 60.1% Shaquille O'Neal
87%
2023 63.2% Nikola Jokić
83%
1973 72.7% Wilt Chamberlain
78%
1972 64.9% Wilt Chamberlain
78%
1967 68.3% Wilt Chamberlain
78%
2014 62.3% Andre Drummond
74%
1980 60.4% Kareem Abdul-Jabbar
74%
1986 63.2% Steve Johnson
65%
1983 62.4% Steve Johnson
65%
1982 61.3% Steve Johnson
65%
2012 67.9% Tyson Chandler
65%
2008 62.3% Tyson Chandler
65%
2023 64.4% Jarrett Allen
61%
2022 67.7% Jarrett Allen
61%
2021 61.8% Jarrett Allen
61%
2020 64.9% Jarrett Allen
61%
2023 65.9% Rudy Gobert
61%
2022 71.3% Rudy Gobert
61%
2021 67.5% Rudy Gobert
61%
2020 69.3% Rudy Gobert
61%
2019 66.8% Rudy Gobert
61%
2017 66.1% Rudy Gobert
61%
1992 60.4% Buck Williams
57%
1991 60.2% Buck Williams
57%
2023 65.3% Clint Capela
57%
2022 61.3% Clint Capela
57%
2019 64.7% Clint Capela
57%
2018 65.2% Clint Capela
57%
2017 64.3% Clint Capela
57%
2018 62.9% Steven Adams
52%
2023 72.0% Walker Kessler
52%
2022 63.4% Deandre Ayton
48%
2021 62.6% Deandre Ayton
48%
2023 62.9% Jakob Poeltl
48%
2022 61.8% Jakob Poeltl
48%
2023 61.5% Domantas Sabonis
43%
2023 63.4% Ivica Zubac
43%
2022 62.6% Ivica Zubac
43%
1990 62.5% Mark West
43%
2021 63.3% Robin Lopez
43%
1990 60.0% Charles Barkley
39%
2020 62.1% Hassan Whiteside
39%
2016 60.6% Hassan Whiteside
39%
2019 62.4% JaVale McGee
39%
2023 70.5% Nic Claxton
39%
2010 60.2% Kendrick Perkins
35%
1986 61.8% Artis Gilmore
30%
1985 62.3% Artis Gilmore
30%
1984 63.1% Artis Gilmore
30%
1983 62.6% Artis Gilmore
30%
1982 65.2% Artis Gilmore
30%
1981 67.0% Artis Gilmore
30%
1975 60.4% Bobby Jones
30%
2023 68.0% Mason Plumlee
30%
2021 61.1% Zion Williamson
30%
2020 61.8% Brandon Clarke
22%
1988 60.4% Kevin McHale
22%
1987 60.4% Kevin McHale
22%
2021 63.7% Richaun Holmes
22%
1997 60.4% Gheorghe Muresan
17%
2022 64.5% Montrezl Harrell
17%
2019 61.5% Montrezl Harrell
17%
2018 63.5% Montrezl Harrell
17%
2019 61.6% Thomas Bryant
17%
2008 62.6% Andris Biedrins
13%
1981 60.7% Darryl Dawkins
13%
2021 60.4% Enes Kanter
13%
2023 63.8% Onyeka Okongwu
13%
1985 60.0% Otis Thorpe
13%
2011 61.5% Nenê
9%
2009 60.4% Nenê
9%
1997 60.0% Tyrone Hill
9%
1980 60.9% Cedric Maxwell
4%
1995 63.3% Chris Gatling
4%
1985 63.7% James Donaldson
4%
2007 60.9% Mikki Moore
4%
No matching quizzes found
Score Distribution
Percent of People with Each Score
Percentile by Number Answered
Your Score History
You have not taken this quiz since the last reset